000
00310nam a22000977a 4500
005
20250901165614.0
008
240321b |||||||| |||| 00| 0 eng d
050
_a
TK7887.T46.C43 1998
245
_a
A SIMPLE GUIDE TO UPGRADING AND REPAIRING PCS
_c
Charton, E.
942
_2
lcc
_h
TK7887.T46.C43 1998
999
_c
6563
_d
6563